Belgium World Cup Squad 2018 - Statistics

General Stats
  • This quiz has been taken 92 times
  • The average score is 17 of 24
Answer Stats
Hint Answer % Correct
FW Romelu Lukaku
99%
GK Thibaut Courtois
97%
FW Eden Hazard
93%
MF Kevin De Bruyne
93%
FW Thorgan Hazard
93%
DF Jan Vertonghen
91%
GK Simon Mignolet
85%
GK Koen Casteels
82%
Manager Roberto Martinéz
81%
DF Toby Alderweireld
80%
MF Axel Witsel
78%
FW Dries Mertens
72%
MF Marouane Fellaini
72%
DF Vincent Kompany
68%
MF Thomas Meunier
66%
MF Yannick Carrasco
61%
MF Youri Tielemans
57%
FW Michy Batshuayi
55%
MF Nacer Chadli
55%
DF Thomas Vermaelen
51%
MF Mousa Dembélé
46%
DF Dedrick Boyata
42%
FW Adnan Januzaj
38%
DF Leander Dendoncker
35%
No matching quizzes found
Score Distribution
Percent of People with Each Score
Percentile by Number Answered
Your Score History
You have not taken this quiz